Statistics for 2022 World Cup possible squads: NETHERLANDS

Click here to take the quiz!

General Stats

  • This quiz has been taken 65 times
  • The average score is 18 of 27

Answer Stats

RoleClubPlayer Name% Correct
MidfielderBarcelonaFrenkie de Jong
97%
ForwardBarcelonaLuuk de Jong
97%
DefenderJuventusMatthijs de Ligt
95%
DefenderLiverpoolVirgil van Dijk
95%
ForwardBarcelonaMemphis Depay
88%
GoalkeeperNorwichTim Krul
88%
MidfielderPSGGeorginio Wijnaldum
83%
MidfielderAtalantaMarten de Roon
83%
DefenderInterStefan de Vrij
83%
DefenderInterDenzel Dumfries
80%
ForwardDortmundDonyell Malen
78%
DefenderAjaxDaley Blind
75%
MidfielderAjax > BayernRyan Gravenberch
73%
Coach-Louis van Gaal
69%
DefenderAjaxJurriën Timber
68%
ForwardVillarrealArnaut Danjuma
64%
DefenderLilleSven Botman
64%
MidfielderAtalantaTeun Koopmeiners
58%
ForwardPSVCody Gakpo
56%
GoalkeeperFeyenoordJustin Bijlow
56%
DefenderAtalantaHans Hateboer
54%
ForwardClub BruggeNoa Lang
51%
DefenderAZ AlkmaarOwen Wijndal
44%
ForwardAjaxSteven Berghuis
44%
GoalkeeperFreiburgMark Flekken
42%
ForwardAS MonacoMyron Boadu
37%
DefenderAjaxDevyne Rensch
24%

Score Distribution

Percentile by Number Answered

Percent of People with Each Score

Your Score History

You have not taken this quiz